000 03513nam a2200421 a 4500
005 20100823151355.0
010 _aB-386608-624
020 _a9788176937542
_c150.00
035 _aB-386608-624
037 _bBlueberry Books
082 _aS
245 _aJungle book /
_cillustrated by Van Gool
260 _aNew Delhi
_bBPI India
_c(200?)
270 _a16, Ansar Road, Darya Ganj
_bNew Delhi
_e110002
300 _a60p. :
_bcol. ill.
_c30 cm(Hb)
490 _aBPI classics
_916357
520 _aThe adventures of a talking wooden puppet who becomes a real boy.
700 _aGool, Van
_916358
942 _2ddc
_cCH
_hS
_mJUN
999 _c32481
_d32481